00438nam a2200145Ia 450000500170000000800410001702000150005808200160007310000170008924500960010626000440020230000220024665000130026865000110028120240822044154.0240331s9999 xx 000 0 und d a0312123167 bPARa427.95 aParakrama, A 0aDe- Hegemonizin language standards :blearning from(Post)colonial Englishes about 'English' aNew YorkbSt. Martin's Press, Incc1995 axxxvii, 216 p ., aPolitics a Women